Datum a čas kvízu
28.5
Celkem bodů
Celkový počet nahraných bodů na tomto kvízu bez doplňovacích otázek.
1.
Pořadí na kvízu
Konečné umístění týmu na tomto kvízu.
Zaznamenané odpovědi
| # | Otázka | Odpověď | Body | Výsledky |
|---|---|---|---|---|
| 1. | Centrum pro výzkum veřejného m... | 1C 2B 3A 4D | 0 | |
| 2. | Papež František proslul tím, ž... | papež si nenechal políbit prsten a vždy ucuknul | 1 | |
| 3. | Po deseti letech výstavby otev... | o Kataru | 0 | |
| 4. | Tři moravské pivovary přestan... | Litovel, Zubr, Holba | 0 | |
| 5. | Doplňte jedním slovem dialog,... | popelník | 0 | |
| 6. | Vaším úkolem bude uhodnout kře... | Jan / Stanislav Tříska | 0 | |
| 7. | Čtvrté nejčastější příjmení v... | Petr / Pavel / Petra Svoboda | 0 | |
| 8. | Úspěšný kanadský režisér se na... | James / David Cameron | 1 | |
| 9. | Tento anglický herec, držitel... | Clive / Michael Owen | 0.5 | |
| 10. | Generál (1885–1945) a hudebník... | George, Mike Patton | 0 |